[Event "DRUGA LIGA CENTRALNE SRBIJE 2012 - Istok"]
[Site "Pozarevac, Hotel DUNAV"]
[Date "2012.09.16"]
[Round "4.11"]
[White "Garic, Radomir"]
[Black "Delchev, Aleksander"]
[Result "0-1"]
[WhiteElo "2251"]
[BlackElo "2596"]
[PlyCount "0"]
[EventDate "2012.09.14"]

1.e4 d6 2.d4 Nf6 3.Nc3 Nbd7 4.g3 e5 5.Nf3 Be7 6.Bg2 O-O 7.O-O
a6 8.a4 b6 9.b3 Bb7 10.Re1 Re8 11.Bb2 Bf8 12.dxe5 dxe5 13.Re2
c6 14.Bh3 Qc7 15.Qe1 a5 16.Rd1 Bb4 17.Bxd7 Nxd7 18.Red2 Nf8 19.Qe3
Bc5 20.Qg5 f6 21.Qh5 g6 22.Qh4 Qg7 23.Qh3 Bc8 24.Qg2 Qh6 25.Nh4
Bg4 26.Ne2 Qh5 27.Qf1 g5 28.Ng2 Ne6 29.Ne3 Bh3 30.g4 Qh4 31.Qe1
Bxe3 32.fxe3 Qxe1+ 33.Rxe1 Rad8 34.Red1 Bxg4 35.Rxd8 Rxd8 36.Rxd8+
Nxd8 37.Ng3 0-1

[Event "DRUGA LIGA CENTRALNE SRBIJE 2012 - Istok"]
[Site "Pozarevac, Hotel DUNAV"]
[Date "2012.09.16"]
[Round "4.13"]
[White "Djukic, Slobodan D"]
[Black "Mincic, Srbislav"]
[Result "1/2-1/2"]
[WhiteElo "2187"]
[BlackElo "2269"]
[PlyCount "0"]
[EventDate "2012.09.14"]

1.e4 e5 2.Nf3 Nf6 3.Nxe5 d6 4.Nf3 Nxe4 5.Nc3 Nxc3 6.dxc3 Be7
7.Be3 Nc6 8.Qd2 Bg4 9.Nd4 O-O 10.h3 Bd7 11.O-O-O Re8 12.f4 Bh4
13.Bf2 Nxd4 14.cxd4 Bxf2 15.Qxf2 Qf6 16.Bd3 Bf5 17.Bc4 Re7 18.g4
Be4 19.Rhf1 d5 20.Bb3 a5 21.a3 a4 22.Ba2 Rae8 23.h4 h5 24.gxh5
Qh6 25.Kb1 Re6 26.Ka1 Qxh5 27.f5 Rf6 28.Qg3 c6 29.Rg1 Qh6 30.c4
Rxf5 31.cxd5 cxd5 32.Qc7 Qxh4 33.Qxb7 Qh2 34.Qb4 Rf2 1/2-1/2

[Event "DRUGA LIGA CENTRALNE SRBIJE 2012 - Istok"]
[Site "Pozarevac, Hotel DUNAV"]
[Date "2012.09.16"]
[Round "4.14"]
[White "Petrov, Georgi"]
[Black "Ilic, Aleksandar"]
[Result "1-0"]
[WhiteElo "2190"]
[BlackElo "2110"]
[PlyCount "0"]
[EventDate "2012.09.14"]

1.Nf3 Nf6 2.c4 e6 3.Nc3 Bb4 4.Qc2 O-O 5.e3 b6 6.Be2 Bb7 7.O-O
Bxc3 8.Qxc3 Ne4 9.Qc2 f5 10.b3 d6 11.Nd4 Rf6 12.Bf3 Nd7 13.d3
Nec5 14.Nc6 Qe8 15.b4 Ne5 16.Nxe5 dxe5 17.Bxb7 Nxb7 18.Bb2 Qc6
19.Bxe5 Rg6 20.f3 Nd8 21.d4 Nf7 22.b5 Qd7 23.Bg3 c6 24.a4 Rc8
25.Qb3 c5 26.a5 h5 27.axb6 axb6 28.Qa4 Qe7 29.Qa6 Rd8 30.Qxb6
Qg5 31.f4 Qg4 32.Rf3 h4 33.Qxc5 Qh5 34.Qe7 hxg3 35.hxg3 Rb8 36.c5
Nh6 37.c6 Rf6 38.Ra7 Qg6 39.b6 Rf7 40.Qg5 Rxb6 41.Qxg6 Rxa7 42.Qxe6+
Kh7 43.Rf1 Rb2 44.Rc1 Raa2 45.Qxa2 Rxa2 1-0

[Event "DRUGA LIGA CENTRALNE SRBIJE 2012 - Istok"]
[Site "Pozarevac, Hotel DUNAV"]
[Date "2012.09.16"]
[Round "4.15"]
[White "Madjar, Stanislav"]
[Black "Dimitrijevic, Dusan *"]
[Result "1/2-1/2"]
[WhiteElo "2169"]
[BlackElo "1984"]
[PlyCount "0"]
[EventDate "2012.09.14"]

1.c4 b6 2.Nc3 e6 3.e4 Bb7 4.g3 f5 5.Bg2 Nf6 6.d3 Bb4 7.Qc2 O-O
8.Nge2 fxe4 9.dxe4 Ng4 10.O-O Bc5 11.Nd1 Nc6 12.h3 Nge5 13.Be3
Nf3+ 14.Kh1 e5 15.Ng1 Nxg1 16.Kxg1 Bxe3 17.Nxe3 Nd4 18.Qd1 Qg5
19.Qg4 Qxg4 20.Nxg4 d6 21.Ne3 Rf7 22.Rad1 Raf8 23.Rd2 Bc8 24.Nc2
Ne6 25.Ne1 Nd4 26.Nc2 Ne6 27.Ne1 Nd4 1/2-1/2

[Event "DRUGA LIGA CENTRALNE SRBIJE 2012 - Istok"]
[Site "Pozarevac, Hotel DUNAV"]
[Date "2012.09.16"]
[Round "4.16"]
[White "Kostic, Aleksandar *"]
[Black "Mickovic, Slavisa"]
[Result "0-1"]
[WhiteElo "1981"]
[BlackElo "2093"]
[PlyCount "0"]
[EventDate "2012.09.14"]

1.e4 c6 2.d4 d5 3.exd5 cxd5 4.Bd3 Nc6 5.c3 Nf6 6.Bf4 g6 7.Nf3
Bf5 8.O-O Bxd3 9.Qxd3 Bg7 10.Qb5 Qb6 11.Na3 Qxb5 12.Nxb5 O-O
13.Rfe1 a6 14.Na3 Rfe8 15.h3 e6 16.Nc2 Ne4 17.Ne3 b5 18.Ne5 Nxe5
19.Bxe5 Rec8 20.Bxg7 Kxg7 21.f3 Nd6 22.Kf2 Rab8 23.a3 Nc4 24.Re2
a5 25.Nxc4 bxc4 26.f4 h5 27.h4 Rb6 28.Rd1 Rcb8 29.Rdd2 Kf6 30.Kf3
Ke7 31.g3 Kd6 32.Rc2 Kc6 33.a4 Kd6 34.g4 hxg4+ 35.Kxg4 Rh8 36.Rh2
Rbb8 37.Rcg2 Ke7 38.Re2 Kf6 39.Ref2 Rh5 40.Re2 Rbh8 41.Re3 Ke7
42.Reh3 Kd6 43.Re3 f6 44.Rf3 0-1

[Event "DRUGA LIGA CENTRALNE SRBIJE 2012 - Istok"]
[Site "Pozarevac, Hotel DUNAV"]
[Date "2012.09.16"]
[Round "4.17"]
[White "Jenic, Aleksandar **"]
[Black "Pejic-Randjelovic , Dragana *"]
[Result "1-0"]
[WhiteElo "1886"]
[BlackElo "2044"]
[PlyCount "0"]
[EventDate "2012.09.14"]

1.d4 b6 2.c4 e6 3.Nc3 Bb4 4.e4 Bb7 5.Bd3 f5 6.d5 Nf6 7.Bg5 h6
8.Bxf6 Qxf6 9.Nge2 O-O 10.O-O f4 11.a3 Be7 12.Bc2 e5 13.Nb5 Na6
14.b4 c6 15.d6 cxb5 16.dxe7 Qxe7 17.cxb5 Nc7 18.Bb3+ Kh8 19.Qd3
Rad8 20.Nc3 Ne6 21.Bd5 Bxd5 22.Nxd5 Qg5 23.f3 h5 24.a4 Nd4 25.Rfc1
Rc8 26.a5 Kh7 27.axb6 Rxc1+ 28.Rxc1 axb6 29.Nxb6 Rb8 30.Nxd7
Rxb5 31.Rb1 h4 32.h3 Rb7 33.Nc5 Rb5 34.Ne6 Nxe6 35.Qxb5 Nd4 36.Qd3
Qd8 37.b5 Qb6 38.Kh2 Kh8 39.Qc4 Kh7 40.Kh1 Kh8 41.Qf7 Ne2 42.Qh5+
Kg8 43.Qxe5 Ng3+ 44.Kh2 Qf2 45.Qd5+ Kh7 46.Qd1 Ne2 47.Qe1 Qe3
48.b6 1-0

[Event "DRUGA LIGA CENTRALNE SRBIJE 2012 - Istok"]
[Site "Pozarevac, Hotel DUNAV"]
[Date "2012.09.16"]
[Round "4.18"]
[White "Kostic, Stefan **"]
[Black "Dubravcic, Nikola **"]
[Result "1-0"]
[WhiteElo "1972"]
[BlackElo "1677"]
[PlyCount "0"]
[EventDate "2012.09.14"]

1.e4 e5 2.Bc4 Nc6 3.Nc3 Bc5 4.Qg4 Bf8 5.Qg3 Nf6 6.d3 d6 7.Nf3
Na5 8.Nxe5 Nxc4 9.Nxc4 Be6 10.Ne3 g6 11.O-O Bg7 12.Bd2 Qd7 13.a4
O-O 14.f4 Nh5 15.Qf3 c6 16.g4 Nf6 17.f5 gxf5 18.exf5 Bd5 19.Ncxd5 1-0

[Event "DRUGA LIGA CENTRALNE SRBIJE 2012 - Istok"]
[Site "Pozarevac, Hotel DUNAV"]
[Date "2012.09.16"]
[Round "4.21"]
[White "Raicevic, Ivica"]
[Black "Dimitrijevic, Srdjan"]
[Result "0-1"]
[WhiteElo "2274"]
[BlackElo "2295"]
[PlyCount "0"]
[EventDate "2012.09.14"]

1.c4 c5 2.Nc3 Nc6 3.g3 g6 4.Bg2 Bg7 5.a3 d6 6.Rb1 a5 7.Nf3 e5
8.O-O Nge7 9.Ne1 Be6 10.d3 O-O 11.Nd5 Rb8 12.Bg5 f6 13.Bd2 b5
14.Nc2 bxc4 15.dxc4 f5 16.b4 axb4 17.axb4 e4 18.Bg5 h6 19.Bxe7
Nxe7 20.Nce3 Nxd5 21.cxd5 Bd7 22.bxc5 dxc5 23.Qc2 Qe7 24.Qc4
Kh7 25.Rfd1 Bd4 26.Nc2 Be5 27.e3 Qd6 28.Bf1 h5 29.Ne1 Rb4 30.Qa6
Qxa6 31.Bxa6 Ra8 32.Bf1 Ra2 33.Ng2 Ba4 34.Re1 Bc3 35.Rec1 Bc2
36.Rxb4 cxb4 37.Bc4 Ra1 38.Rxa1 Bxa1 39.d6 b3 40.d7 Bf6 41.Nf4
b2 42.Ba2 Bb3 43.Bb1 Bc4 44.h4 Bb5 45.Nd5 Bd8 46.Nc3 Bxd7 47.Ba2
Ba5 48.Nb1 Bb4 49.Kg2 Bc6 50.Bc4 Kg7 51.Kf1 Ba4 0-1

[Event "DRUGA LIGA CENTRALNE SRBIJE 2012 - Istok"]
[Site "Pozarevac, Hotel DUNAV"]
[Date "2012.09.16"]
[Round "4.22"]
[White "Stankovic, Ivan G *"]
[Black "Dmitrovic, Tomislav"]
[Result "0-1"]
[WhiteElo "2217"]
[BlackElo "2258"]
[PlyCount "0"]
[EventDate "2012.09.14"]

1.e4 d6 2.d4 Nf6 3.Nc3 e5 4.Nf3 Nbd7 5.g3 g6 6.Bg2 Bg7 7.O-O
O-O 8.h3 c6 9.a4 Re8 10.Re1 b6 11.Be3 a6 12.Nh2 Bb7 13.f4 Nh5
14.dxe5 dxe5 15.Qf3 exf4 16.gxf4 c5 17.Qf2 Bxc3 18.bxc3 Bxe4
19.f5 Bxg2 20.Kxg2 Qc7 21.Ng4 Qc6+ 22.Kg1 f6 23.Bh6 c4 24.Rxe8+
Rxe8 25.Re1 Rxe1+ 26.Qxe1 Kf7 27.Qd1 Ng3 28.fxg6+ hxg6 29.Be3
Qh1+ 0-1

[Event "DRUGA LIGA CENTRALNE SRBIJE 2012 - Istok"]
[Site "Pozarevac, Hotel DUNAV"]
[Date "2012.09.16"]
[Round "4.23"]
[White "Markovic, Marko"]
[Black "Zivkovic, Nemanja **"]
[Result "1/2-1/2"]
[WhiteElo "2292"]
[BlackElo "2212"]
[PlyCount "0"]
[EventDate "2012.09.14"]

1.e4 c5 2.Nf3 d6 3.Bb5+ Bd7 4.Bxd7+ Qxd7 5.O-O Nc6 6.c3 Nf6 7.Qe2
e6 8.d4 cxd4 9.cxd4 d5 10.e5 Ne4 11.Be3 Be7 12.Ne1 f6 13.f3 Ng5
14.Qd2 Nf7 15.f4 O-O 16.Nc3 Rac8 17.Nd3 b6 18.Rac1 Na5 19.b3
Ba3 20.Rc2 f5 21.Nb1 Rxc2 22.Qxc2 Rc8 23.Qd2 Be7 24.Rc1 Rxc1+
25.Qxc1 Nd8 26.Nd2 Qb5 27.Qc2 Qc6 28.Qxc6 Ndxc6 29.Kf2 Nb4 30.Nxb4
Bxb4 31.Nf3 Be7 32.Bd2 Nc6 33.Ke3 Kf7 1/2-1/2

[Event "DRUGA LIGA CENTRALNE SRBIJE 2012 - Istok"]
[Site "Pozarevac, Hotel DUNAV"]
[Date "2012.09.16"]
[Round "4.24"]
[White "Krstic, Ranko"]
[Black "Trifunovic, Miroljub"]
[Result "1/2-1/2"]
[WhiteElo "2208"]
[BlackElo "2258"]
[PlyCount "0"]
[EventDate "2012.09.14"]

1.c4 e6 2.Nc3 d5 3.d4 Be7 4.Nf3 Nf6 5.Bf4 O-O 6.e3 b6 7.cxd5
exd5 8.Rc1 c6 9.Be2 Bb7 10.O-O Nbd7 11.h3 Re8 12.a3 Nf8 13.Ne5
N6d7 14.b4 Nxe5 15.Bxe5 Nd7 16.Bg3 a5 17.Rb1 b5 18.Qc2 Nb6 19.Nxb5
cxb5 20.Bc7 Qc8 21.Bg4 Nd7 22.Rfc1 g6 23.Bxa5 Qxc2 24.Rxc2 f5
25.Be2 Ba6 26.Rbc1 Bd8 27.Bc7 Bxc7 28.Rxc7 Nb6 29.R1c6 Rec8 30.Rxc8+
Nxc8 31.Rc5 Ne7 32.Bf3 Rd8 33.Rc7 Kf8 34.Kh2 Rd6 35.g4 Kf7 36.gxf5
gxf5 37.Kg3 Kf6 38.h4 Bc8 39.Be2 Rb6 40.Bd3 Be6 41.Kf4 h6 42.Be2
Rb8 43.Rc5 Bd7 44.Rc7 Bc6 45.Ra7 Rb6 46.h5 Ke6 47.Bd3 Be8 1/2-1/2

[Event "DRUGA LIGA CENTRALNE SRBIJE 2012 - Istok"]
[Site "Pozarevac, Hotel DUNAV"]
[Date "2012.09.16"]
[Round "4.25"]
[White "Zafirovski, Mite"]
[Black "Trickovic, Vladimir *"]
[Result "1/2-1/2"]
[WhiteElo "2247"]
[BlackElo "2101"]
[PlyCount "0"]
[EventDate "2012.09.14"]

1.d4 Nf6 2.c4 c5 3.d5 e6 4.Nc3 exd5 5.cxd5 d6 6.Nf3 g6 7.g3 Bg7
8.Bg2 O-O 9.O-O a6 10.a4 Re8 11.Bf4 Qc7 12.Rc1 Nh5 13.Bg5 Nd7
14.Qd2 Rb8 15.Bh6 Bh8 16.h3 b5 17.axb5 axb5 18.g4 Nhf6 19.Ng5
Ne5 20.b3 Qe7 21.Nge4 Nxe4 22.Nxe4 f5 23.Bg5 Qf8 24.Bh6 Qe7 25.Bg5
Qf8 26.Bh6 Bg7 27.Bxg7 Kxg7 28.gxf5 Bxf5 29.Ng3 Qf6 30.f4 Nf7
31.e4 Bd7 32.Rce1 Qh4 33.Kh2 Nh6 34.Qc3+ Kg8 35.e5 b4 36.Qf3
dxe5 37.Ne4 exf4 38.Qxf4 Qxf4+ 39.Rxf4 Kg7 40.Rc1 Nf5 41.Rxc5
Rbc8 42.Ra5 Rc7 43.d6 Rc2 44.Ra7 1/2-1/2

[Event "DRUGA LIGA CENTRALNE SRBIJE 2012 - Istok"]
[Site "Pozarevac, Hotel DUNAV"]
[Date "2012.09.16"]
[Round "4.26"]
[White "Jovanovic, Boban"]
[Black "Lazovic, Bozidar **"]
[Result "1-0"]
[WhiteElo "2174"]
[BlackElo "1810"]
[PlyCount "0"]
[EventDate "2012.09.14"]

1.Nf3 Nf6 2.c4 e6 3.Nc3 b6 4.e4 d6 5.d4 Bb7 6.Bd3 Be7 7.O-O O-O
8.Re1 Nbd7 9.e5 Ne8 10.Qe2 g6 11.Bh6 Ng7 12.Rad1 Re8 13.Bxg7
Kxg7 14.Be4 Qc8 15.Bxb7 Qxb7 16.d5 Nf8 17.Qc2 Rad8 18.Nd4 dxe5
19.Nc6 Rc8 20.Nxe5 Bd6 21.Nc6 e5 22.b4 Nd7 23.a4 Nb8 24.b5 a5
25.Re2 Nd7 26.Ne4 h6 27.g4 Rf8 28.Ng3 Rcd8 29.Kg2 Qc8 30.f3 Nc5
31.Rde1 f6 32.h4 Rg8 33.h5 e4 34.Nxe4 gxh5 35.Nxd6 cxd6 36.Re7+
Kf8 37.Qh7 1-0

[Event "DRUGA LIGA CENTRALNE SRBIJE 2012 - Istok"]
[Site "Pozarevac, Hotel DUNAV"]
[Date "2012.09.16"]
[Round "4.27"]
[White "Turudic, Nenad"]
[Black "Lepojevic, Nebojsa"]
[Result "1-0"]
[WhiteElo "2201"]
[BlackElo "2076"]
[PlyCount "0"]
[EventDate "2012.09.14"]

1.e4 c5 2.Nf3 a6 3.d4 cxd4 4.Nxd4 Nf6 5.Nc3 e5 6.Nf3 Bb4 7.Bc4
Qc7 8.Qd3 d6 9.Bd2 Bxc3 10.Bxc3 O-O 11.Bb4 d5 12.Bxf8 dxe4 13.Bd6
Qb6 14.Bxf7+ Kxf7 15.Qc4+ 1-0

[Event "DRUGA LIGA CENTRALNE SRBIJE 2012 - Istok"]
[Site "Pozarevac, Hotel DUNAV"]
[Date "2012.09.16"]
[Round "4.28"]
[White "Dimitrijevic, Stefan **"]
[Black "Popovic, Branislav **"]
[Result "1-0"]
[WhiteElo "1789"]
[BlackElo "1789"]
[PlyCount "0"]
[EventDate "2012.09.14"]

1.Nf3 d5 2.g3 Nf6 3.Bg2 Bf5 4.O-O e6 5.d4 Bd6 6.c4 c6 7.Nc3 Nbd7
8.Re1 O-O 9.a3 a5 10.Qb3 Qc8 11.Bd2 Qb8 12.Rec1 dxc4 13.Qxc4
e5 14.d5 Nb6 15.Qb3 Nbxd5 16.Nxd5 cxd5 17.Qb6 Ra6 18.Qb5 Bd7
19.Qb3 Qa7 20.Qd1 h6 21.b4 a4 22.Ne1 Rc6 23.Nd3 Rfc8 24.Rxc6
Rxc6 25.Be3 b6 26.Nb2 Be6 27.Qxa4 Qxa4 28.Nxa4 b5 29.Nc5 Bxc5
30.Bxc5 Nd7 31.Be3 Rc2 32.Kf1 d4 33.Bc1 Nb6 1-0

[Event "DRUGA LIGA CENTRALNE SRBIJE 2012 - Istok"]
[Site "Pozarevac, Hotel DUNAV"]
[Date "2012.09.16"]
[Round "4.31"]
[White "Livaja, Mario"]
[Black "Nikolic, Stanimir"]
[Result "1-0"]
[WhiteElo "2238"]
[BlackElo "2263"]
[PlyCount "0"]
[EventDate "2012.09.14"]

1.d4 d5 2.Nf3 Nf6 3.Bg5 Nbd7 4.c4 dxc4 5.Nc3 Nb6 6.e4 c6 7.Be2
h6 8.Bh4 Bg4 9.O-O g5 10.Bg3 Bg7 11.Qd2 Nh5 12.Rad1 Nxg3 13.hxg3
Qd7 14.a4 a5 15.Qe3 Qc7 16.Ne1 Bxe2 17.Qxe2 h5 18.e5 h4 19.gxh4
gxh4 20.Qg4 Kf8 21.f4 Nd5 22.Nxd5 cxd5 23.Nf3 Ra6 24.Ng5 Bh6
25.Qh5 Rg6 26.Qxg6 1-0

[Event "DRUGA LIGA CENTRALNE SRBIJE 2012 - Istok"]
[Site "Pozarevac, Hotel DUNAV"]
[Date "2012.09.16"]
[Round "4.32"]
[White "Milunovic, Toni"]
[Black "Petrovic, Dragan R"]
[Result "1/2-1/2"]
[WhiteElo "2287"]
[BlackElo "2197"]
[PlyCount "0"]
[EventDate "2012.09.14"]

1.Nf3 c5 2.c4 Nc6 3.Nc3 g6 4.b3 Bg7 5.Bb2 Nh6 6.Qc1 O-O 7.Ne4
d6 8.Bxg7 Kxg7 9.e3 e5 10.Qb2 f5 11.Nc3 Be6 12.O-O-O 1/2-1/2

[Event "DRUGA LIGA CENTRALNE SRBIJE 2012 - Istok"]
[Site "Pozarevac, Hotel DUNAV"]
[Date "2012.09.16"]
[Round "4.33"]
[White "Cvetanovic, Uros **"]
[Black "Rajkovic, Ljubisa"]
[Result "1/2-1/2"]
[WhiteElo "2229"]
[BlackElo "2167"]
[PlyCount "0"]
[EventDate "2012.09.14"]

1.e4 c6 2.Nf3 d5 3.exd5 cxd5 4.Ne5 Nf6 5.d4 Bf5 6.g4 Be6 7.Bb5+
Bd7 8.Be2 Nc6 9.c3 g6 10.f3 Bg7 11.Be3 Qb6 12.Qd2 h5 13.g5 Ng8
14.Nxd7 Kxd7 15.Na3 e6 16.Bf4 Bf8 17.Nb5 Rc8 18.O-O a6 19.Na3
Nge7 20.Nc2 Nf5 21.Be3 Bg7 1/2-1/2

[Event "DRUGA LIGA CENTRALNE SRBIJE 2012 - Istok"]
[Site "Pozarevac, Hotel DUNAV"]
[Date "2012.09.16"]
[Round "4.34"]
[White "Arsenijevic, Ivan *"]
[Black "Kraguljac, Pero"]
[Result "1-0"]
[WhiteElo "2148"]
[BlackElo "2133"]
[PlyCount "0"]
[EventDate "2012.09.14"]

1.d4 Nf6 2.Nf3 g6 3.c4 Bg7 4.Nc3 O-O 5.Bf4 d6 6.Qd2 Nc6 7.e4
Bg4 8.d5 Nb4 9.h3 Bxf3 10.gxf3 Nh5 11.Be3 e6 12.a3 Na6 13.O-O-O
exd5 14.Nxd5 Nc5 15.Qc2 Ne6 16.Qd2 c5 17.Kb1 Nd4 18.Be2 Re8 19.Rde1
a6 20.Bg5 f6 21.Be3 f5 22.Bg5 Bf6 23.Nxf6+ Nxf6 24.exf5 Nxf5
25.Bd3 Rxe1+ 26.Rxe1 Nd4 27.Qf4 Nh5 28.Qg4 Qf8 29.Be4 Re8 30.Bd5+
Kh8 31.Rxe8 Qxe8 32.Qxh5 Qe5 33.Qh4 Qe1+ 34.Ka2 h5 35.Bf6+ Kh7
36.Bxd4 cxd4 37.Qxd4 Qf1 38.h4 b5 39.Qf6 Qe2 40.Qf7+ Kh6 41.Qf8+ 1-0

[Event "DRUGA LIGA CENTRALNE SRBIJE 2012 - Istok"]
[Site "Pozarevac, Hotel DUNAV"]
[Date "2012.09.16"]
[Round "4.35"]
[White "Colic, Nikola"]
[Black "Rajkovic, Aleksandar"]
[Result "0-1"]
[WhiteElo "2210"]
[BlackElo "2127"]
[PlyCount "0"]
[EventDate "2012.09.14"]

1.d4 d6 2.e4 g6 3.Nc3 Bg7 4.f4 Nf6 5.Nf3 O-O 6.e5 dxe5 7.fxe5
Nd5 8.Bc4 Nb6 9.Bb3 Nc6 10.O-O Na5 11.h3 Nxb3 12.axb3 Be6 13.Be3
Nd5 14.Nxd5 Bxd5 15.c4 Bxf3 16.Qxf3 c5 17.d5 Bxe5 18.Bh6 Bg7
19.Bxg7 Kxg7 20.Rae1 Qd6 21.Re2 Rae8 22.Rfe1 b6 23.Re5 e6 24.h4
h5 25.Qc3 Kh7 26.R1e2 Rd8 27.Rg5 exd5 28.cxd5 Rde8 29.Rge5 Rxe5
30.Rxe5 f6 31.Re6 Qxd5 32.Re7+ Rf7 33.Qxf6 Rxe7 34.Qxe7+ Kg8
35.Qxa7 Qd4+ 36.Kf1 Qd3+ 37.Kg1 Qe3+ 38.Kf1 Qc1+ 39.Kf2 Qxb2+
40.Kf1 Qf6+ 41.Kg1 Qd4+ 42.Kf1 Qd1+ 43.Kf2 Qxb3 44.Qb8+ Kf7 45.Qc7+
Kg8 46.Qb8+ Kf7 47.Qc7+ Ke6 48.Qc8+ Ke5 49.Qc7+ Kd4 50.Qg7+ Kc4
51.Qxg6 Qb2+ 52.Kg1 Qd4+ 53.Kh1 Qxh4+ 54.Kg1 Qe1+ 55.Kh2 Qe5+ 0-1

[Event "DRUGA LIGA CENTRALNE SRBIJE 2012 - Istok"]
[Site "Pozarevac, Hotel DUNAV"]
[Date "2012.09.16"]
[Round "4.36"]
[White "Njegic, Vladimir"]
[Black "Arandjelovic, Aleksandar Z"]
[Result "1-0"]
[WhiteElo "2103"]
[BlackElo "1962"]
[PlyCount "0"]
[EventDate "2012.09.14"]

1.d4 Nf6 2.c4 g6 3.Nc3 Bg7 4.e4 d6 5.h3 O-O 6.Be3 a6 7.Nf3 c6
8.Bd3 b5 9.Qd2 bxc4 10.Bxc4 Nfd7 11.Bh6 Qa5 12.Bxg7 Kxg7 13.O-O-O
Nb6 14.Bb3 N8d7 15.h4 h6 16.h5 g5 17.d5 f6 18.Nd4 Ne5 19.f4 Nbc4
20.Qe2 Bg4 21.Nf3 Rab8 22.Bxc4 Nxc4 23.Qxc4 cxd5 24.Qxd5 Qb4
25.Rd2 Rfc8 26.Qd3 Qa5 27.Rc2 Qb4 28.fxg5 Be6 29.gxf6+ exf6 30.Nd4
Bxa2 31.Nf5+ Kh7 32.Qe3 Rc7 33.Qxh6+ Kg8 34.Qg6+ Kf8 35.Qxf6+
Ke8 1-0

[Event "DRUGA LIGA CENTRALNE SRBIJE 2012 - Istok"]
[Site "Pozarevac, Hotel DUNAV"]
[Date "2012.09.16"]
[Round "4.37"]
[White "Stojkovic, Zoran"]
[Black "Kostic, Tomislav **"]
[Result "1-0"]
[WhiteElo "1962"]
[BlackElo "1876"]
[PlyCount "0"]
[EventDate "2012.09.14"]

1.e4 c5 2.Nf3 e6 3.c4 d6 4.d4 cxd4 5.Nxd4 Nf6 6.Nc3 a6 7.Be3
Qc7 8.Be2 b6 9.O-O Bb7 10.Qc2 Be7 11.Rad1 Nbd7 12.f4 O-O 13.b3
Rfe8 14.g4 e5 15.Nf5 exf4 16.Bxf4 Qc5+ 17.Be3 Qc6 18.g5 Nxe4
19.Nd5 Bd8 20.Bf3 Ndc5 21.Qb2 Re5 22.Qxe5 dxe5 23.Nde7+ Kf8 24.Nxc6
Bxc6 25.Bxc5+ bxc5 26.Rfe1 Ba5 27.Bxe4 Bxe1 28.Bxc6 Rc8 29.Rxe1
Rxc6 30.Rxe5 Rg6 31.Ne7 Rd6 32.Nd5 f6 33.gxf6 gxf6 34.Re3 Kf7
35.Kf2 a5 36.Re7+ Kg6 37.Rc7 a4 38.Rxc5 axb3 39.axb3 Ra6 40.Nf4+
Kh6 41.b4 Ra2+ 42.Ne2 Rb2 43.b5 Rb4 44.Rc6 Kg5 45.b6 1-0

[Event "DRUGA LIGA CENTRALNE SRBIJE 2012 - Istok"]
[Site "Pozarevac, Hotel DUNAV"]
[Date "2012.09.16"]
[Round "4.38"]
[White "Milosevic, Jovana **"]
[Black "Todorovic, Nenad I **"]
[Result "0-1"]
[WhiteElo "1787"]
[BlackElo "2061"]
[PlyCount "0"]
[EventDate "2012.09.14"]

1.b3 d5 2.Bb2 Bg4 3.h3 Bh5 4.g4 Bg6 5.Bg2 e6 6.e3 Nf6 7.d3 Bd6
8.f4 c5 9.Nf3 d4 10.Ne5 Nd5 11.Bxd5 Qh4+ 12.Kd2 dxe3+ 13.Kxe3
exd5 14.Qf3 d4+ 15.Kd2 Bxe5 16.Qxb7 Bxf4+ 17.Kd1 O-O 18.Qxa8
Qf2 19.Bc1 Nd7 20.Qb7 Rb8 21.Re1 Qxe1+ 22.Kxe1 Bg3+ 0-1

[Event "DRUGA LIGA CENTRALNE SRBIJE 2012 - Istok"]
[Site "Pozarevac, Hotel DUNAV"]
[Date "2012.09.16"]
[Round "4.41"]
[White "Devetak, Dusan"]
[Black "Urosevic, Goran"]
[Result "1/2-1/2"]
[WhiteElo "2156"]
[BlackElo "2242"]
[PlyCount "0"]
[EventDate "2012.09.14"]

1.e4 e6 2.d4 d5 3.Nc3 Nf6 4.exd5 exd5 5.Nf3 Bd6 6.Bd3 O-O 7.O-O
Re8 8.h3 c6 9.Re1 Nbd7 10.Rxe8+ Qxe8 11.Qe2 Qxe2 12.Nxe2 1/2-1/2

[Event "DRUGA LIGA CENTRALNE SRBIJE 2012 - Istok"]
[Site "Pozarevac, Hotel DUNAV"]
[Date "2012.09.16"]
[Round "4.42"]
[White "Jakovljevic, Dejan"]
[Black "Dodic, Dragan"]
[Result "0-1"]
[WhiteElo "1930"]
[BlackElo "2140"]
[PlyCount "0"]
[EventDate "2012.09.14"]

1.e4 c6 2.b3 d5 3.Bb2 dxe4 4.Nc3 Nf6 5.Nge2 Bf5 6.Ng3 Bg6 7.h4
h6 8.Qe2 e6 9.Ncxe4 Be7 10.O-O-O Nbd7 11.Kb1 a5 12.h5 Bh7 13.f4
O-O 14.Qf3 a4 15.Bd3 axb3 16.axb3 Qa5 17.Nxf6+ Nxf6 18.Bxh7+
Nxh7 19.Ne4 Qa2+ 20.Kc1 Ba3 0-1

[Event "DRUGA LIGA CENTRALNE SRBIJE 2012 - Istok"]
[Site "Pozarevac, Hotel DUNAV"]
[Date "2012.09.16"]
[Round "4.46"]
[White "Madic, Zivko"]
[Black "Vukas, Radenko"]
[Result "1/2-1/2"]
[WhiteElo "2110"]
[BlackElo "2164"]
[PlyCount "0"]
[EventDate "2012.09.14"]

1.d4 d5 2.Nf3 Nf6 3.c4 c6 4.cxd5 cxd5 5.Nc3 Nc6 6.Bf4 a6 7.e3
Bg4 8.h3 Bxf3 9.Qxf3 Qb6 10.Rd1 e6 11.Be2 1/2-1/2

[Event "DRUGA LIGA CENTRALNE SRBIJE 2012 - Istok"]
[Site "Pozarevac, Hotel DUNAV"]
[Date "2012.09.16"]
[Round "4.51"]
[White "Mitic, Dragan"]
[Black "Radosavljevic, Slobodan D"]
[Result "0-1"]
[WhiteElo "2151"]
[BlackElo "2194"]
[PlyCount "0"]
[EventDate "2012.09.14"]

1.e4 c5 2.Nf3 g6 3.d4 cxd4 4.Nxd4 Bg7 5.Be3 Nc6 6.Nc3 Nf6 7.Qd2
O-O 8.f3 d5 9.Nxc6 bxc6 10.Bh6 Bxh6 11.Qxh6 dxe4 12.fxe4 Rb8
13.b3 Nxe4 14.Nxe4 Qd4 15.Rd1 Qxe4+ 16.Kd2 Bf5 17.Bd3 Qxg2+ 18.Kc3
Bxd3 19.Kxd3 Qd5+ 20.Ke3 Qg2 21.Kd3 Rfd8+ 0-1

[Event "DRUGA LIGA CENTRALNE SRBIJE 2012 - Istok"]
[Site "Pozarevac, Hotel DUNAV"]
[Date "2012.09.16"]
[Round "4.52"]
[White "Komnenic, Branko"]
[Black "Todorovic, Zoran D"]
[Result "1-0"]
[WhiteElo "2295"]
[BlackElo "2087"]
[PlyCount "0"]
[EventDate "2012.09.14"]

1.d4 Nf6 2.c4 c5 3.Nf3 e6 4.Nc3 cxd4 5.Nxd4 a6 6.g3 g6 7.Bg2
Bg7 8.O-O Qc7 9.b3 Nc6 10.Bb2 O-O 11.Rc1 Nxd4 12.Qxd4 Rd8 13.Rfd1
Ne8 14.Qd2 Rb8 15.Ne4 Bxb2 16.Qxb2 b6 17.Nf6+ Nxf6 18.Qxf6 Bb7
19.e4 Qc5 20.Rc3 Bc6 21.h4 Qf8 22.e5 Bxg2 23.Kxg2 Qg7 24.Qf4
Kf8 25.Rcd3 Ke8 26.Rd6 h6 27.Qd4 Rb7 28.g4 g5 29.h5 Ke7 30.Rd3
f6 31.Rxe6+ Kxe6 32.Qd5+ Ke7 33.exf6+ Qxf6 34.Re3+ Kf8 35.Rf3 1-0

[Event "DRUGA LIGA CENTRALNE SRBIJE 2012 - Istok"]
[Site "Pozarevac, Hotel DUNAV"]
[Date "2012.09.16"]
[Round "4.53"]
[White "Rasic, Jovan **"]
[Black "Popovic, Djordje D"]
[Result "0-1"]
[WhiteElo "1982"]
[BlackElo "2221"]
[PlyCount "0"]
[EventDate "2012.09.14"]

1.e4 c5 2.Nf3 d6 3.c4 Nc6 4.d4 cxd4 5.Nxd4 g6 6.Nc3 Bg7 7.Be3
Nf6 8.Be2 O-O 9.O-O Bd7 10.h3 Nxd4 11.Bxd4 Bc6 12.Qd3 Nd7 13.Bxg7
Kxg7 14.f4 Qb6+ 15.Kh1 Qxb2 16.Bg4 Nc5 17.Qd4+ e5 18.Qe3 f5 19.Bf3
fxe4 20.Bxe4 Nxe4 21.Nxe4 Rxf4 22.Rab1 Qc2 23.Rxf4 Qxb1+ 24.Kh2
exf4 25.Qd4+ Kg8 26.Nf6+ Kf7 27.Ng4 Qe4 28.Qf6+ Ke8 29.Qh8+ Ke7
30.Qg7+ Kd8 31.Qf8+ Kc7 32.Qg7+ Kb6 33.Qb2+ Kc5 34.Qa3+ Kxc4
35.Qb3+ Kc5 36.Qc3+ Kb6 37.Qb2+ Ka6 38.Qa3+ Qa4 39.Qd3+ b5 40.Qxd6
Qe4 0-1

[Event "DRUGA LIGA CENTRALNE SRBIJE 2012 - Istok"]
[Site "Pozarevac, Hotel DUNAV"]
[Date "2012.09.16"]
[Round "4.54"]
[White "Illijin, Neboisa"]
[Black "Simic, Vladica"]
[Result "1-0"]
[WhiteElo "2168"]
[BlackElo "2098"]
[PlyCount "0"]
[EventDate "2012.09.14"]

1.e4 c5 2.Nf3 d6 3.d4 cxd4 4.Nxd4 Nf6 5.Nc3 a6 6.Be2 e5 7.Nb3
Be7 8.O-O O-O 9.Be3 Be6 10.Nd5 Bxd5 11.exd5 Nbd7 12.f4 Rc8 13.c3
Nb6 14.fxe5 Nfxd5 15.Bf2 dxe5 16.Bf3 f5 17.Bxd5+ Nxd5 18.Qe2
Qc7 19.Rfe1 Bd6 20.Bg3 f4 21.Bf2 f3 22.Qe4 Nf4 23.Qxf3 Rf6 24.Qe4
Rcf8 25.Be3 Qf7 26.Nd2 Qh5 27.Bxf4 exf4 28.Nf3 Bc5+ 29.Kf1 Be3
30.Rad1 Qb5+ 31.Re2 Kh8 32.Rd5 Qe8 33.Qxe8 Rxe8 34.c4 Kg8 35.Rc2
Rc8 36.Ke2 Rfc6 37.Kd3 b5 38.b3 bxc4+ 39.Rxc4 Rxc4 40.bxc4 Rc7
41.Ne5 Kf8 42.c5 Ke7 43.Kc4 Ke6 44.Nd3 h6 45.Rd6+ Kf5 46.Rxa6
g5 47.Rxh6 1-0

[Event "DRUGA LIGA CENTRALNE SRBIJE 2012 - Istok"]
[Site "Pozarevac, Hotel DUNAV"]
[Date "2012.09.16"]
[Round "4.55"]
[White "Mitrovic, Darko A"]
[Black "Stefanovic, Vladimir"]
[Result "1/2-1/2"]
[WhiteElo "2132"]
[BlackElo "2162"]
[PlyCount "0"]
[EventDate "2012.09.14"]

1.e4 c5 2.Nf3 Nc6 3.d4 cxd4 4.Nxd4 g6 5.Nc3 Bg7 6.Be3 Nf6 7.Nxc6
bxc6 8.e5 Nd5 9.Nxd5 cxd5 10.Qxd5 Rb8 11.Bc4 O-O 12.O-O Qc7 13.f4
d6 14.Bb3 dxe5 15.fxe5 Qxe5 16.Qxe5 Bxe5 17.Bxa7 Rb7 18.Bc5 Bxb2
19.Rae1 Bf6 20.Rxf6 exf6 21.Bxf8 Kxf8 22.Kf2 Rc7 23.c4 Be6 24.Rc1
Rc5 25.Ke3 Ke7 26.Kd4 Kd6 27.Rf1 Rg5 28.g3 h5 29.Rxf6 h4 30.c5+
Kd7 31.c6+ Kd6 32.gxh4 Rg4+ 33.Kc3 Rxh4 34.Bxe6 fxe6 35.Rxg6
Rxh2 1/2-1/2